<?xml version="1.0" encoding="UTF-8"?>
<marc:record xmlns:marc="http://www.loc.gov/MARC21/slim">
   <marc:leader>00000nam a2200000 a 4500</marc:leader>
   <marc:datafield ind1="1" ind2=" " tag="100">
      <marc:subfield code="a">Hohla, Matthias</marc:subfield>
      <marc:subfield code="4">edt</marc:subfield>
      <marc:subfield code="e">Bearbeiter/-in</marc:subfield>
   </marc:datafield>
   <marc:datafield ind1=" " ind2=" " tag="653">
      <marc:subfield code="a">Softcover / Kinder- und Jugendbücher/Sachbücher</marc:subfield>
   </marc:datafield>
   <marc:datafield ind1=" " ind2=" " tag="653">
      <marc:subfield code="a">Sachbilderbücher/Religion</marc:subfield>
   </marc:datafield>
   <marc:datafield ind1=" " ind2=" " tag="653">
      <marc:subfield code="a">Philosophie</marc:subfield>
   </marc:datafield>
   <marc:datafield ind1=" " ind2=" " tag="653">
      <marc:subfield code="a">Psychologie</marc:subfield>
   </marc:datafield>
   <marc:datafield ind1="0" ind2="0" tag="245">
      <marc:subfield code="a">Ich erzähl' Dir von meinem Glauben</marc:subfield>
   </marc:datafield>
   <marc:datafield ind1="0" ind2="0" tag="245">
      <marc:subfield code="b">Halleiner Kinder und Jugendliche über Religion und Kultur</marc:subfield>
   </marc:datafield>
   <marc:datafield ind1="0" ind2="0" tag="245">
      <marc:subfield code="c">Red.-Team: Matthias Hohla ...</marc:subfield>
   </marc:datafield>
   <marc:datafield ind1=" " ind2="1" tag="264">
      <marc:subfield code="a">Salzburg</marc:subfield>
      <marc:subfield code="b">Ed. Tandem</marc:subfield>
      <marc:subfield code="c">2011</marc:subfield>
   </marc:datafield>
   <marc:datafield ind1="1" ind2=" " tag="520">
      <marc:subfield code="a">Angaben aus der Verlagsmeldung

Ich erzähl Dir von meinem Glauben : Halleiner Kinder und Jugendliche über Religion und Kultur

Die Texte dieses Buches wurden großteils von evangelischen, römisch-katholischen und muslimischen Kindern und Jugendlichen geschrieben. Die zahlreichen Bilder vertiefen das Angesprochene. Die Darstellungen im ersten Teil beschreiben die religiösen Räume mit ihren Objekten und geben einen kurzen Einblick in die Rituale und gottesdienstlichen Vollzüge dieses Ortes. Im zweiten Teil werden die christlichen bzw. muslimischen Hauptfeste beschrieben. Ähnliches und Unterschiedliches, Gemeinsames und Trennendes zwischen den einzelnen Traditionen wird in dem zusammengestellten Material sichtbar und spürbar. An einigen Stellen werden die Texte der Kinder und Jugendlichen durch Texte von Mitgliedern des Redaktionsteams ergänzt. Das Buch richtet sich an alle, an Kinder, Jugendliche und Erwachsene.
</marc:subfield>
   </marc:datafield>
   <marc:datafield ind1=" " ind2=" " tag="020">
      <marc:subfield code="a">9783902606662</marc:subfield>
      <marc:subfield code="9">9783902606662</marc:subfield>
   </marc:datafield>
   <marc:datafield ind1=" " ind2=" " tag="041">
      <marc:subfield code="a">ger</marc:subfield>
   </marc:datafield>
   <marc:datafield ind1=" " ind2=" " tag="300">
      <marc:subfield code="a">27 S.</marc:subfield>
   </marc:datafield>
</marc:record>
